000
00472nam a2200145Ia 4500
008
100204s9999 xx 000 0 und d
082
_b
1276
100
_a
खांडेकर विष्णू सखाराम
245
_a
दोन ध्रुव
260
_b
"देशमुख आणि कंपनी , पुणे"
_c
1977 6
300
_a
283
630
_a
दोन ध्रुव
730
_a
दोन ध्रुव
942
_c
BOOK
999
_c
446443
_d
446440